000 00516nam a2200181Ia 4500
008 240925s9999 xx 000 0 und d
020 _a8131707105
082 _a005.43 DAV
100 _aDavis ,William S
245 0 _aOperating Systems: a systematic view
250 _a6th
260 _aNew Delhi:
_bPearson Education
_c,2007.
300 _axxii,441p.
_bNA
_fOriginal
500 _aIncludes Index
600 _aEngineering Technology
650 _aComputer science, information & general works
942 _cBK
999 _c10172
_d10172